000 00578nam a2200205Ia 4500
003 IIN
005 20240105130912.0
008 231217s9999 xx 000 0 und d
020 _cRs.1495.00
_a9789354657252
040 _aIIN
_bEnglish
082 _a362.10425
_bJAI
100 1 _aJain, Vivek
245 1 _aExam Preparatory Manual of Undergraduates
_b: Community Medicine(PSM) /
_cVivek Jain
250 _a.-4th ed
260 _bJaypee
_aNew Delhi
_c2022
300 _axvi, 536p.
650 1 _aCommunity Health Nursing
650 1 _aCommunity Medicine
_vNursing
942 _cBOOK
999 _c1075
_d1075